[Event "AUT-chT 2324"]
[Site "Austria"]
[Date "2023.11.26"]
[Round "6.5"]
[White "Kranz, Armin"]
[Black "Ciolek, Andreas"]
[Result "0-1"]
[WhiteElo "2089"]
[BlackElo "2224"]
[PlyCount "58"]
[EventDate "2023.11.22"]
[EventType "team-tourn"]
[EventRounds "11"]
[EventCountry "AUT"]
[SourceTitle "CB48_2023"]
[SourceDate "2023.11.29"]
[SourceVersion "1"]
[SourceVersionDate "2023.11.29"]
[SourceQuality "1"]
[WhiteTeam "Goetzis"]
[BlackTeam "Schach ohne Grenzen"]
[WhiteTeamCountry "AUT"]
[BlackTeamCountry "AUT"]

1. d4 d5 2. Nf3 Nf6 3. c4 e6 4. g3 Bb4+ 5. Bd2 a5 6. Bg2 0-0 7. 0-0 dxc4 8. Qc2 Bxd2 9. Nbxd2 b5 10. a4 c6 11. Rfd1 Ba6 12. e4 Nbd7 13. b3 cxb3 14. Qxc6 b2 15. Rab1 Nb6 16. e5 Rc8 17. Qxc8 Bxc8 18. exf6 Nxa4 19. fxg7 Kxg7 20. Re1 Bb7 21. Bf1 b4 22. Bd3 Bd5 23. Bc2 b3 24. Bd3 Nc3 25. Rxb2 a4 26. Bc4 Bxc4 27. Nxc4 Qd5 28. Ncd2 f6 29. Re3 Nd1 0-1

[Event "AUT-chT 2324"]
[Site "Austria"]
[Date "2023.11.22"]
[Round "1.5"]
[White "Kranz, Armin"]
[Black "Ruck, Robert"]
[Result "0-1"]
[WhiteElo "2089"]
[BlackElo "2534"]
[PlyCount "64"]
[EventDate "2023.11.22"]
[EventType "team-tourn"]
[EventRounds "11"]
[EventCountry "AUT"]
[SourceTitle "CB48_2023"]
[SourceDate "2023.11.29"]
[SourceVersion "1"]
[SourceVersionDate "2023.11.29"]
[SourceQuality "1"]
[WhiteTeam "Goetzis"]
[BlackTeam "Fuerstenfeld/Hartberg"]
[WhiteTeamCountry "AUT"]
[BlackTeamCountry "AUT"]

1. d4 Nf6 2. Nf3 e6 3. c4 b6 4. g3 Ba6 5. b3 d5 6. cxd5 exd5 7. Bg2 Bb4+ 8. Bd2 Bd6 9. Nc3 0-0 10. 0-0 Nbd7 11. Re1 Re8 12. Qc2 Rc8 13. Rad1 c5 14. Qf5 g6 15. Qb1 cxd4 16. Nxd4 Be5 17. Ncb5 Ne4 18. Bb4 Qf6 19. f4 Bb8 20. Bh3 Rcd8 21. Qa1 Ndc5 22. a4 Bc8 23. Bg2 h5 24. Nf3 Qxa1 25. Rxa1 Nxb3 26. Ra3 Nbc5 27. a5 Bb7 28. Nbd4 Na6 29. Bd2 Nxd2 30. Nxd2 Bd6 31. Raa1 Bb4 32. Red1 Bc3 0-1

[Event "AUT-chT 2122"]
[Site "Austria"]
[Date "2022.04.21"]
[Round "9.4"]
[White "Janzelj, Tim"]
[Black "Kranz, Armin"]
[Result "1-0"]
[WhiteElo "2474"]
[BlackElo "2111"]
[PlyCount "67"]
[EventDate "2021.11.04"]
[EventType "team-tourn"]
[EventRounds "11"]
[EventCountry "AUT"]
[SourceTitle "EXT 2023"]
[Source "ChessBase"]
[SourceDate "2022.10.05"]
[SourceVersion "1"]
[SourceVersionDate "2022.10.05"]
[SourceQuality "1"]
[WhiteTeam "Raika Feffernitz"]
[BlackTeam "Goetzis"]
[WhiteTeamCountry "AUT"]
[BlackTeamCountry "AUT"]

1. e4 e5 2. Nf3 Nf6 3. Qe2 Nc6 4. h3 d6 5. g4 g6 6. Bg2 Bg7 7. d3 0-0 8. Nbd2 d5 9. Nf1 Be6 10. Ng3 dxe4 11. dxe4 Nd4 12. Nxd4 Qxd4 13. c3 Qa4 14. g5 Bc4 15. b3 Bxb3 16. gxf6 Rfd8 17. axb3 Qxa1 18. 0-0 Bf8 19. Qf3 Qa6 20. c4 Rd6 21. Bg5 Rad8 22. Qc3 Re8 23. Ra1 Qb6 24. c5 Qc6 25. Bf1 Rdd8 26. b4 a6 27. Bc4 h6 28. Qb3 Qd7 29. Be3 c6 30. Kh2 Qc7 31. Nf5 gxf5 32. Bxf7+ Kh8 33. Bxe8 Rxe8 34. Rg1 1-0

[Event "AUT-ch Vor2 Internet"]
[Site "Playchess.com INT"]
[Date "2020.04.13"]
[Round "5"]
[White "Dilly, Julian"]
[Black "Kranz, Armin"]
[Result "0-1"]
[WhiteElo "1502"]
[BlackElo "2119"]
[PlyCount "62"]
[EventDate "2020.04.13"]
[EventType "swiss (blitz)"]
[EventRounds "9"]
[EventCountry "AUT"]
[SourceTitle "CBM 195 Extra"]
[Source "ChessBase"]
[SourceDate "2020.05.31"]
[SourceVersion "1"]
[SourceVersionDate "2020.05.31"]
[SourceQuality "1"]

1. Nf3 Nf6 2. g3 b6 3. Bg2 Bb7 4. 0-0 c5 5. c4 e6 6. Nc3 Be7 7. b3 d6 8. Bb2 0-0 9. d3 Nbd7 10. e4 a6 11. a4 Qc7 12. Qe2 Rfe8 13. Rfd1 Bf8 14. Qc2 Rac8 15. Rac1 Qb8 16. h3 Ne5 17. Nxe5 dxe5 18. Ne2 Red8 19. Qb1 Bd6 20. Qa1 Bc7 21. Rc2 Rd7 22. Rcd2 Rcd8 23. Bc3 Bc6 24. Bb2 Nxe4 25. Bxe4 Bxe4 26. dxe4 Rxd2 27. Rxd2 Rxd2 28. Nc3 Qd8 29. Kg2 Qd4 30. Nd1 Qxe4+ 31. Kg1 Qe1+ 0-1

[Event "AUT-ch Vor2 Internet"]
[Site "Playchess.com INT"]
[Date "2020.04.13"]
[Round "4"]
[White "Kranz, Armin"]
[Black "Guba, Viktor"]
[Result "0-1"]
[WhiteElo "2119"]
[BlackElo "1401"]
[PlyCount "110"]
[EventDate "2020.04.13"]
[EventType "swiss (blitz)"]
[EventRounds "9"]
[EventCountry "AUT"]
[SourceTitle "CBM 195 Extra"]
[Source "ChessBase"]
[SourceDate "2020.05.31"]
[SourceVersion "1"]
[SourceVersionDate "2020.05.31"]
[SourceQuality "1"]

1. d4 Nf6 2. Nf3 g6 3. c4 Bg7 4. g3 0-0 5. Bg2 d6 6. b3 Nbd7 7. Bb2 Qe8 8. Nc3 e5 9. dxe5 Nxe5 10. 0-0 Rb8 11. Qd2 Nxf3+ 12. Bxf3 Qe7 13. Rfd1 Re8 14. Rac1 Bg4 15. Nd5 Nxd5 16. Bxg4 Nf6 17. Bf3 Ne4 18. Qc2 Bxb2 19. Qxb2 Ng5 20. Bd5 c6 21. Bf3 Nxf3+ 22. exf3 Qc7 23. Kg2 Re6 24. Rd2 Rbe8 25. Rcd1 Qb6 26. Qd4 Qxd4 27. Rxd4 Re2 28. R4d2 Kf8 29. f4 R8e6 30. Kf3 Rxd2 31. Rxd2 Ke7 32. Kg4 h6 33. f5 Re4+ 34. f4 h5+ 35. Kg5 gxf5 36. Kxh5 Ke6 37. Kh4 d5 38. cxd5+ cxd5 39. Kh3 d4 40. Kg2 Kd5 41. Kf2 Re3 42. h4 Ke4 43. h5 Rf3+ 44. Kg2 Rc3 45. h6 Rc8 46. Kf1 d3 47. h7 Ke3 48. Ke1 Rc1+ 49. Rd1 d2+ 50. Kf1 Rxd1+ 51. Kg2 Rg1+ 52. Kxg1 d1Q+ 53. Kg2 Qf3+ 54. Kh3 Kf2 55. Kh4 Qg4# 0-1

[Event "AUT-ch Vor2 Internet"]
[Site "Playchess.com INT"]
[Date "2020.04.13"]
[Round "6"]
[White "Kranz, Armin"]
[Black "Kienboeck, Benjamin"]
[Result "0-1"]
[WhiteElo "2119"]
[BlackElo "1922"]
[PlyCount "140"]
[EventDate "2020.04.13"]
[EventType "swiss (blitz)"]
[EventRounds "9"]
[EventCountry "AUT"]
[SourceTitle "CBM 195 Extra"]
[Source "ChessBase"]
[SourceDate "2020.05.31"]
[SourceVersion "1"]
[SourceVersionDate "2020.05.31"]
[SourceQuality "1"]

1. d4 Nf6 2. Nf3 d5 3. c4 e6 4. g3 dxc4 5. Bg2 Bd7 6. 0-0 Bc6 7. Na3 Bd5 8. Bf4 Bxa3 9. bxa3 0-0 10. Ne5 Nbd7 11. f3 Nxe5 12. Bxe5 Nd7 13. Bf4 Rc8 14. e4 Bc6 15. Be3 Nf6 16. Qc2 b5 17. Rfd1 a6 18. Kh1 Ba8 19. f4 Qe7 20. Bg1 Rfd8 21. a4 Rd7 22. Rab1 c6 23. Re1 Rcd8 24. h3 h5 25. Bf3 c5 26. d5 exd5 27. exd5 Qf8 28. axb5 axb5 29. Rxb5 Nxd5 30. Bxc5 Nb4 31. Qg2 Nd3 32. Bxf8 Nxe1 33. Bxa8 Nxg2 34. Bxg2 Kxf8 35. Rc5 Rd4 36. Bc6 Rd1+ 37. Kg2 R8d4 38. a4 R4d2+ 39. Kf3 Rd3+ 40. Ke4 Rxg3 41. Bb5 Rxh3 42. Rc8+ Ke7 43. Rc7+ Ke6 44. Rc6+ Rd6 45. f5+ Ke7 46. Rc7+ Kf6 47. Be8 Rh4+ 48. Ke3 Kxf5 49. Rxf7+ Kg5 50. Rxg7+ Kh6 51. Rf7 Rd3+ 52. Kf2 Rh2+ 53. Kg1 Ra2 54. Rf6+ Kg7 55. Rf7+ Kg8 56. Rf1 h4 57. Bc6 h3 58. Kh1 Rg3 59. Bd5+ Kg7 60. Bxc4 Rxa4 61. Be2 Ra2 62. Bc4 Rc2 63. Rf7+ Kg6 64. Bd3+ Rxd3 65. Rf1 Rdd2 66. Rg1+ Kh5 67. Re1 Rh2+ 68. Kg1 Rhg2+ 69. Kf1 h2 70. Re2 h1Q# 0-1

[Event "AUT-ch Vor1 Internet"]
[Site "Playchess.com INT"]
[Date "2020.04.11"]
[Round "7"]
[White "Kranz, Armin"]
[Black "Weichhart, Daniel"]
[Result "1-0"]
[WhiteElo "2119"]
[BlackElo "1648"]
[PlyCount "75"]
[EventDate "2020.04.11"]
[EventType "swiss (blitz)"]
[EventRounds "9"]
[EventCountry "AUT"]
[SourceTitle "CBM 195 Extra"]
[Source "ChessBase"]
[SourceDate "2020.05.31"]
[SourceVersion "1"]
[SourceVersionDate "2020.05.31"]
[SourceQuality "1"]

1. d4 d5 2. Nf3 e6 3. c4 Nf6 4. g3 Be7 5. Bg2 0-0 6. 0-0 b6 7. Nbd2 Bb7 8. Qc2 c5 9. dxc5 bxc5 10. b3 Na6 11. a3 Qb6 12. cxd5 exd5 13. Rb1 Rab8 14. Bb2 Ba8 15. Be5 Rbc8 16. Bh3 Rc6 17. Rfd1 Rd8 18. Nf1 Nc7 19. Ne3 Ne6 20. Nf5 Qb7 21. N3h4 d4 22. Bg2 Nd5 23. Nxe7+ Qxe7 24. Nf5 Qb7 25. Qd2 Nc3 26. Bxc6 Qxc6 27. f3 Nxb1 28. Rxb1 f6 29. Ne7+ Kf7 30. Nxc6 Bxc6 31. Bf4 g5 32. Bxg5 Nxg5 33. Kg2 Bd7 34. Qf4 Bh3+ 35. Kg1 Rd7 36. Rd1 Kg6 37. Qc1 h5 38. Qxc5 1-0

[Event "AUT-ch Vor1 Internet"]
[Site "Playchess.com INT"]
[Date "2020.04.11"]
[Round "9"]
[White "Schroettner, Martin"]
[Black "Kranz, Armin"]
[Result "0-1"]
[WhiteElo "1934"]
[BlackElo "2119"]
[PlyCount "48"]
[EventDate "2020.04.11"]
[EventType "swiss (blitz)"]
[EventRounds "9"]
[EventCountry "AUT"]
[SourceTitle "CBM 195 Extra"]
[Source "ChessBase"]
[SourceDate "2020.05.31"]
[SourceVersion "1"]
[SourceVersionDate "2020.05.31"]
[SourceQuality "1"]

1. Nf3 Nf6 2. c4 c5 3. Nc3 b6 4. g3 Bb7 5. Bg2 e6 6. 0-0 Be7 7. d4 cxd4 8. Nxd4 Bxg2 9. Kxg2 a6 10. b3 d6 11. Bb2 Qc7 12. Qd3 Nbd7 13. Rad1 0-0 14. Ne4 Ne5 15. Nxf6+ Bxf6 16. Qe4 Rac8 17. Ba3 Rfd8 18. h3 Nd7 19. Nxe6 fxe6 20. Qxe6+ Kh8 21. Rxd6 Nc5 22. Rxb6 Nxe6 23. Rxe6 Qb7+ 24. Kh2 Re8 0-1

[Event "AUT-chT2W 1718"]
[Site "Austria"]
[Date "2017.12.03"]
[Round "5.3"]
[White "Kranz, Armin"]
[Black "Wollrab, Richard"]
[Result "1-0"]
[WhiteElo "2052"]
[BlackElo "2179"]
[PlyCount "143"]
[EventDate "2017.10.13"]
[EventType "team-tourn"]
[EventRounds "11"]
[EventCountry "AUT"]
[SourceTitle "CBM 181 Extra"]
[Source "ChessBase"]
[SourceDate "2017.12.12"]
[SourceVersion "1"]
[SourceVersionDate "2017.12.12"]
[SourceQuality "1"]
[WhiteTeam "Goetzis II"]
[BlackTeam "Salzburg ASK"]
[WhiteTeamCountry "AUT"]
[BlackTeamCountry "AUT"]

1. d4 Nf6 2. c4 c5 3. d5 b5 4. Qc2 bxc4 5. e4 d6 6. Bxc4 e5 7. Nc3 Be7 8. Nf3 0-0 9. 0-0 Bg4 10. Ne1 Nh5 11. Nd3 Bg5 12. f3 Bc8 13. b4 Bxc1 14. Raxc1 cxb4 15. Na4 a5 16. Bb5 Ra7 17. Qf2 Qe7 18. Rc2 Nf6 19. Rfc1 Ba6 20. Bxa6 Nxa6 21. Qb6 g6 22. Rc6 Rd8 23. Nxe5 Nxd5 24. Qxd8+ Qxd8 25. Rc8 Ra8 26. Rxd8+ Rxd8 27. Nc6 Nf4 28. Rd1 Rd7 29. Nb6 Rb7 30. Rxd6 Nc5 31. Nxa5 Ra7 32. Nbc4 Ne2+ 33. Kf2 Nc3 34. Rd2 Rd7 35. Rxd7 Nxd7 36. a3 bxa3 37. Nxa3 h5 38. Ke3 Kg7 39. Kd4 Ne2+ 40. Ke3 Nc3 41. Nb3 f5 42. exf5 gxf5 43. Nc4 Kf6 44. Nd4 Nd5+ 45. Kf2 h4 46. Nd6 f4 47. Ne4+ Kg6 48. Ne6 Ne5 49. Ke2 Kf5 50. Nd4+ Kg6 51. Nc5 Ne3 52. Kf2 Nd5 53. Nc2 Kf5 54. Ne1 Nf7 55. Ned3 Ng5 56. h3 Nc3 57. Nb3 Ne6 58. Ndc5 Ng5 59. Nd4+ Ke5 60. Ne2 Nd5 61. Nd3+ Kf5 62. Nd4+ Kf6 63. Ke2 Nc3+ 64. Kd2 Nd5 65. Ne2 Kf5 66. Ne1 Ne6 67. Kd3 Ng5 68. Nc2 Ne6 69. Ned4+ Nxd4 70. Kxd4 Ne3 71. Nxe3+ fxe3 72. Kxe3 1-0

[Event "AUT-chT2W 1617"]
[Site "Austria"]
[Date "2017.03.04"]
[Round "10.6"]
[White "Kranz, Armin"]
[Black "Heinrich, Thomas"]
[Result "1/2-1/2"]
[WhiteElo "2071"]
[BlackElo "2150"]
[PlyCount "129"]
[EventDate "2016.10.28"]
[EventType "team-tourn"]
[EventRounds "11"]
[EventCountry "AUT"]
[SourceTitle "CBM 177 Extra"]
[Source "ChessBase"]
[SourceDate "2017.04.27"]
[SourceVersion "1"]
[SourceVersionDate "2017.04.27"]
[SourceQuality "1"]
[WhiteTeam "Goetzis II"]
[BlackTeam "Jenbach II"]
[WhiteTeamCountry "AUT"]
[BlackTeamCountry "AUT"]

1. d4 d5 2. c4 e6 3. Nf3 Nf6 4. g3 c6 5. Bg2 Be7 6. 0-0 0-0 7. Qc2 b6 8. Rd1 Bb7 9. b3 Nbd7 10. Nc3 Qc7 11. e4 Nxe4 12. Nxe4 dxe4 13. Bf4 Qc8 14. Qxe4 Nf6 15. Qe2 Re8 16. Bh3 Qd8 17. Ne5 Bd6 18. Bg2 Rc8 19. Rd3 Qe7 20. Rad1 Red8 21. g4 Nd7 22. Rh3 Nf8 23. g5 Bxe5 24. Bxe5 c5 25. d5 exd5 26. cxd5 Ng6 27. d6 Qxg5 28. Rg3 Qxe5 29. Qxe5 Nxe5 30. Bxb7 Rb8 31. Bg2 Kf8 32. Rh3 h6 33. Re3 Ng4 34. Re7 Rxd6 35. Rde1 a5 36. Bf1 Nf6 37. Bb5 g5 38. Ra7 Re6 39. Rxe6 fxe6 40. Kg2 Rd8 41. Kf3 Rd4 42. Rb7 Rf4+ 43. Kg2 Nd5 44. Bc4 Rf6 45. Kg3 h5 46. a3 h4+ 47. Kg4 Rxf2 48. Kxg5 Rxh2 49. Bxd5 exd5 50. Rxb6 d4 51. Rb5 d3 52. Rxc5 d2 53. Rd5 Ke7 54. b4 axb4 55. axb4 Ke6 56. Rd8 Ke5 57. b5 Rf2 58. b6 Rf5+ 59. Kxh4 Rf4+ 60. Kg5 Rd4 61. Rxd4 Kxd4 62. b7 d1Q 63. b8Q Qd2+ 64. Qf4+ Qxf4+ 65. Kxf4 1/2-1/2

[Event "AUT-chT2W 1617"]
[Site "Austria"]
[Date "2016.10.29"]
[Round "2.5"]
[White "Kranz, Armin"]
[Black "Atlas, Dimitry"]
[Result "1-0"]
[WhiteElo "2071"]
[BlackElo "2218"]
[PlyCount "71"]
[EventDate "2016.10.28"]
[EventType "team-tourn"]
[EventRounds "11"]
[EventCountry "AUT"]
[SourceTitle "EXT 2017"]
[Source "ChessBase"]
[SourceDate "2016.10.25"]
[SourceVersion "1"]
[SourceVersionDate "2016.10.25"]
[SourceQuality "1"]
[WhiteTeam "Goetzis II"]
[BlackTeam "Hohenems II"]
[WhiteTeamCountry "AUT"]
[BlackTeamCountry "AUT"]

1. d4 d5 2. c4 c6 3. Nf3 e6 4. e3 Nf6 5. Qc2 Nbd7 6. Nc3 Bd6 7. Be2 0-0 8. 0-0 dxc4 9. Bxc4 b5 10. Bd3 Bb7 11. h3 Qb6 12. e4 e5 13. Be3 c5 14. dxe5 Nxe5 15. Nxe5 Bxe5 16. b4 Bxc3 17. Qxc3 cxb4 18. Qxb4 Qe6 19. a4 a5 20. Qb2 b4 21. Bd4 Rfd8 22. Rad1 Bc6 23. Bc2 Rab8 24. Be5 Rbc8 25. Bb3 Qe7 26. f3 Ne8 27. Bd4 Rd7 28. Rd2 Rcd8 29. Rfd1 Qg5 30. Kf2 Nf6 31. Be3 Qh4+ 32. Kf1 Qg3 33. Bb6 Rxd2 34. Rxd2 Re8 35. Qc2 Nxe4 36. fxe4 1-0

[Event "AUT-chT2W 1516"]
[Site "Austria"]
[Date "2016.01.24"]
[Round "8.6"]
[White "Atzl, Florian"]
[Black "Kranz, Armin"]
[Result "1/2-1/2"]
[WhiteElo "1918"]
[BlackElo "2131"]
[PlyCount "117"]
[EventDate "2015.10.16"]
[EventType "team-tourn"]
[EventRounds "11"]
[EventCountry "AUT"]
[SourceTitle "CBM 170 Extra"]
[Source "ChessBase"]
[SourceDate "2016.02.25"]
[SourceVersion "1"]
[SourceVersionDate "2016.02.25"]
[SourceQuality "1"]
[WhiteTeam "Kufstein/Woergl"]
[BlackTeam "Goetzis II"]
[WhiteTeamCountry "AUT"]
[BlackTeamCountry "AUT"]

1. e4 e5 2. Nf3 Nc6 3. Bc4 Bc5 4. c3 Nf6 5. d3 a6 6. Bb3 d6 7. h3 Ba7 8. Nbd2 0-0 9. Nf1 Ne7 10. g4 Ng6 11. Ng3 Be6 12. g5 Nd7 13. h4 Nc5 14. h5 Nf4 15. Bxf4 exf4 16. Ne2 Bxb3 17. axb3 f5 18. b4 fxe4 19. dxe4 Nd7 20. Qd5+ Kh8 21. Nh4 h6 22. Ng6+ Kh7 23. Nxf8+ Qxf8 24. g6+ Kh8 25. Qxb7 Bb6 26. Rxa6 Rb8 27. Qd5 Ne5 28. Nd4 Qc8 29. Ra3 c5 30. Nf5 cxb4 31. Nxd6 Qc5 32. Qxe5 Qxe5 33. Nf7+ Kg8 34. Nxe5 bxa3 35. bxa3 Bc7 36. Ke2 Bxe5 37. Rc1 Rb3 38. c4 f3+ 39. Kd1 Bf4 40. Ra1 Rd3+ 41. Ke1 Be5 42. Rc1 Rxa3 43. c5 Kf8 44. c6 Rc3 45. Rd1 Rxc6 46. Rd5 Bc3+ 47. Kd1 Ke7 48. Rf5 Bd4 49. Rxf3 Rc5 50. Rf7+ Ke6 51. f4 Rxh5 52. e5 Rf5 53. Rxg7 Rxf4 54. Rh7 Bxe5 55. Rxh6 Kf6 56. Ke2 Kg5 57. Rh3 Kxg6 58. Rg3+ Kh5 59. Rf3 1/2-1/2

[Event "AUT-chT2W 1516"]
[Site "Austria"]
[Date "2016.01.22"]
[Round "6.4"]
[White "Kranz, Armin"]
[Black "Hengl, Christian"]
[Result "1/2-1/2"]
[WhiteElo "2131"]
[BlackElo "2245"]
[PlyCount "71"]
[EventDate "2015.10.16"]
[EventType "team-tourn"]
[EventRounds "11"]
[EventCountry "AUT"]
[SourceTitle "CBM 170 Extra"]
[Source "ChessBase"]
[SourceDate "2016.02.25"]
[SourceVersion "1"]
[SourceVersionDate "2016.02.25"]
[SourceQuality "1"]
[WhiteTeam "Goetzis II"]
[BlackTeam "Rochade Rum"]
[WhiteTeamCountry "AUT"]
[BlackTeamCountry "AUT"]

1. d4 d5 2. Nf3 Nf6 3. c4 c6 4. Nc3 a6 5. Ne5 e6 6. Bf4 Bd6 7. e3 0-0 8. Bd3 dxc4 9. Bxc4 Nd5 10. Bg3 f6 11. Nd3 Qe7 12. Ne4 Bxg3 13. hxg3 Nd7 14. Rc1 Rd8 15. a3 Nf8 16. Qc2 Bd7 17. Nf4 Be8 18. Nc5 Bf7 19. Bd3 g6 20. 0-0 Qc7 21. Rfd1 Re8 22. Nxd5 exd5 23. b4 Re7 24. a4 Qd6 25. b5 axb5 26. axb5 cxb5 27. Bxb5 Ne6 28. Qb2 Qb6 29. Nxe6 Bxe6 30. Rd2 Rc7 31. Rxc7 Qxc7 32. Rc2 Qa5 33. Rc1 Qb6 34. Rc2 Qa5 35. Rc1 Qb6 36. Rc2 1/2-1/2

[Event "AUT-chT2W 1516"]
[Site "Austria"]
[Date "2015.10.16"]
[Round "1.5"]
[White "Proyer, Enno"]
[Black "Kranz, Armin"]
[Result "1-0"]
[WhiteElo "1906"]
[BlackElo "2131"]
[PlyCount "133"]
[EventDate "2015.10.16"]
[EventType "team-tourn"]
[EventRounds "11"]
[EventCountry "AUT"]
[SourceTitle "CBM 168 Extra"]
[Source "ChessBase"]
[SourceDate "2015.10.29"]
[SourceVersion "1"]
[SourceVersionDate "2015.10.29"]
[SourceQuality "1"]
[WhiteTeam "Dornbirn"]
[BlackTeam "Goetzis II"]
[WhiteTeamCountry "AUT"]
[BlackTeamCountry "AUT"]

1. d4 Nf6 2. c4 e6 3. Nc3 Bb4 4. g3 c5 5. Nf3 b6 6. Bg2 Bb7 7. 0-0 cxd4 8. Qxd4 Nc6 9. Qd3 0-0 10. a3 Be7 11. Rd1 Na5 12. Rb1 Rc8 13. b3 a6 14. e4 d6 15. Nd4 Qc7 16. Bd2 Rfd8 17. Qe2 Nc6 18. Nc2 Re8 19. Ne3 Nd7 20. Be1 Qb8 21. Na2 Nf6 22. Bc3 Ne5 23. Nf1 b5 24. cxb5 axb5 25. a4 Qa8 26. f3 bxa4 27. bxa4 Ba6 28. Qf2 Nd3 29. Qe3 Nc5 30. a5 d5 31. e5 Nfd7 32. Bb4 Bc4 33. Nc3 Rb8 34. Kh1 Rxb4 35. Rxb4 Nd3 36. Rxc4 dxc4 37. Ne4 N7xe5 38. f4 Nc6 39. Qb6 Rc8 40. Ra1 f5 41. Ng5 Bc5 42. Qb5 Nf2+ 43. Kg1 Ne4+ 44. Kh1 Nd4 45. Qxc4 Qd5 46. Ne3 Qxc4 47. Nxc4 Nf2+ 48. Kg1 Nd3 49. Kf1 Ba7 50. Nb6 Rc2 51. Rd1 Rc3 52. Nf3 Nc6 53. Ne1 Nxa5 54. Na4 Ra3 55. Rxd3 Rxd3 56. Nxd3 Nc4 57. Nac5 Kf7 58. Ke2 h6 59. Bc6 Kf6 60. Bb5 Nd6 61. Ba4 g5 62. Bb3 Nb5 63. Nxe6 g4 64. Ne5 Nc3+ 65. Kd3 Ne4 66. Bd5 Nc5+ 67. Nxc5 1-0

[Event "AUT-chT2W 1415"]
[Site "Austria"]
[Date "2015.03.06"]
[Round "9.4"]
[White "Kranz, Armin"]
[Black "Riediger, Martin"]
[Result "0-1"]
[WhiteElo "2136"]
[BlackElo "2256"]
[PlyCount "108"]
[EventDate "2014.10.10"]
[EventType "team-tourn"]
[EventRounds "11"]
[EventCountry "AUT"]
[SourceTitle "EXT 2016"]
[Source "ChessBase"]
[SourceDate "2015.10.08"]
[SourceVersion "1"]
[SourceVersionDate "2015.10.08"]
[SourceQuality "1"]
[WhiteTeam "Goetzis"]
[BlackTeam "Ranshofen"]
[WhiteTeamCountry "AUT"]
[BlackTeamCountry "AUT"]

1. d4 d5 2. Nf3 Nf6 3. c4 e6 4. g3 Be7 5. Bg2 0-0 6. 0-0 dxc4 7. Qc2 a6 8. Qxc4 b5 9. Qc2 Bb7 10. Bg5 Be4 11. Qc1 Nbd7 12. Nbd2 Bd5 13. Bxf6 Nxf6 14. Nb3 Bd6 15. Ne1 Bxg2 16. Kxg2 e5 17. dxe5 Bxe5 18. Nf3 Bd6 19. Rd1 Qe7 20. Nbd4 Rfe8 21. Qc6 Qe4 22. Rac1 Qxc6 23. Rxc6 g6 24. e3 Nd5 25. Rcc1 Nf6 26. Nc6 Kf8 27. Nfd4 Rec8 28. Rd3 Re8 29. Ne2 Re4 30. f3 Ree8 31. e4 Nd7 32. Ned4 Ne5 33. Rd2 Nc4 34. Re2 Ne5 35. f4 Nxc6 36. Nxc6 f6 37. e5 fxe5 38. fxe5 Be7 39. Rd1 Bc5 40. Rd7 Re6 41. Nd4 Bxd4 42. Rxd4 Rae8 43. Rde4 Ke7 44. Rh4 h5 45. g4 hxg4 46. Rxg4 Kd7 47. Rg5 Rf8 48. Kg3 c5 49. h4 c4 50. Kg4 Kc6 51. h5 gxh5+ 52. Rxh5 Rf1 53. Rg5 Kd5 54. Kg3 Rg1+ 0-1

[Event "AUT-chT2W 1415"]
[Site "Austria"]
[Date "2014.11.30"]
[Round "5.1"]
[White "Kranz, Armin"]
[Black "Kranewitter, Norbert"]
[Result "1-0"]
[WhiteElo "2136"]
[BlackElo "2026"]
[PlyCount "79"]
[EventDate "2014.10.10"]
[EventType "team-tourn"]
[EventRounds "11"]
[EventCountry "AUT"]
[SourceTitle "CBM 163 Extra"]
[Source "ChessBase"]
[SourceDate "2014.12.23"]
[SourceVersion "1"]
[SourceVersionDate "2014.12.23"]
[SourceQuality "1"]
[WhiteTeam "Goetzis"]
[BlackTeam "Kufstein/Woergl"]
[WhiteTeamCountry "AUT"]
[BlackTeamCountry "AUT"]

1. d4 Nf6 2. Nf3 e6 3. c4 Bb4+ 4. Bd2 c5 5. e3 0-0 6. Bd3 Nc6 7. Bxb4 cxb4 8. Nbd2 d6 9. 0-0 a5 10. Qc2 e5 11. c5 Re8 12. Ne4 dxc5 13. dxc5 Nxe4 14. Bxe4 g6 15. Rfd1 Qc7 16. Rd6 Bg4 17. Ng5 Ne7 18. Qc4 Rf8 19. Rf6 Nc8 20. Bd5 Qd7 21. Rxf7 Rxf7 22. Nxf7 Ne7 23. Nd6+ Nxd5 24. Qxd5+ Be6 25. Qxe5 Rf8 26. h3 Bxh3 27. gxh3 Qxh3 28. Ne4 Qg4+ 29. Ng3 Rd8 30. Kg2 h5 31. Rh1 Rd2 32. Qb8+ Kg7 33. Qxb7+ Kh6 34. Qb8 h4 35. Qf8+ Kh7 36. Qe7+ Kg8 37. Rxh4 Qd7 38. Qxd7 Rxd7 39. c6 Rd2 40. Rc4 1-0

[Event "AUT-chT2W 1415"]
[Site "Austria"]
[Date "2014.10.11"]
[Round "2.3"]
[White "Kranz, Armin"]
[Black "Sandholzer, Robert"]
[Result "1-0"]
[WhiteElo "2136"]
[BlackElo "2179"]
[PlyCount "53"]
[EventDate "2014.10.10"]
[EventType "team-tourn"]
[EventRounds "11"]
[EventCountry "AUT"]
[SourceTitle "EXT 2015"]
[Source "ChessBase"]
[SourceDate "2014.11.20"]
[SourceVersion "1"]
[SourceVersionDate "2014.11.20"]
[SourceQuality "1"]
[WhiteTeam "Goetzis"]
[BlackTeam "Hohenems II"]
[WhiteTeamCountry "AUT"]
[BlackTeamCountry "AUT"]

1. d4 d5 2. c4 e6 3. Nf3 Nf6 4. g3 dxc4 5. Bg2 Bb4+ 6. Bd2 c5 7. Bxb4 cxb4 8. Ne5 0-0 9. a3 Nc6 10. Bxc6 bxc6 11. 0-0 Qc7 12. axb4 Nd5 13. Qa4 Rb8 14. Qxa7 Rxb4 15. e4 Rb7 16. Qc5 Nf6 17. Nd2 Rxb2 18. Nxc6 Rb7 19. Rfc1 h6 20. Rxc4 Re8 21. Ra8 Kh7 22. Na5 Qd7 23. Nxb7 Bxb7 24. Ra7 Ra8 25. Rb4 Rxa7 26. Qxa7 Nxe4 27. Nxe4 1-0

[Event "AUT-chT2W 1314"]
[Site "Austria"]
[Date "2013.10.18"]
[Round "1.6"]
[White "Hofer, Emilian"]
[Black "Kranz, Armin"]
[Result "0-1"]
[WhiteElo "2028"]
[BlackElo "2117"]
[PlyCount "144"]
[EventDate "2013.10.18"]
[EventType "team-tourn"]
[EventRounds "11"]
[EventCountry "AUT"]
[SourceTitle "EXT 2014"]
[Source "ChessBase"]
[SourceDate "2013.11.20"]
[SourceVersion "1"]
[SourceVersionDate "2013.11.20"]
[SourceQuality "1"]
[WhiteTeam "Hohenems II"]
[BlackTeam "Bregenz"]
[WhiteTeamCountry "AUT"]
[BlackTeamCountry "AUT"]

1. e4 e5 2. Nf3 Nc6 3. Bb5 a6 4. Ba4 Nf6 5. 0-0 Be7 6. Re1 b5 7. Bb3 0-0 8. a4 Bb7 9. d3 d6 10. Nc3 Na5 11. Ba2 b4 12. Ne2 c5 13. Ng3 Bc8 14. h3 Rb8 15. Nd2 g6 16. Nc4 Be6 17. Bd2 Nc6 18. c3 Qc7 19. Ne3 b3 20. Bb1 d5 21. exd5 Nxd5 22. Nxd5 Bxd5 23. Ne4 f5 24. Ng5 c4 25. h4 Bf6 26. Qe2 Na5 27. Bc1 Rbd8 28. Rd1 Rfe8 29. f3 Re7 30. Be3 Red7 31. Qf2 Rb8 32. Qf1 h6 33. Nh3 Bg7 34. d4 exd4 35. Bxd4 Bxd4+ 36. Rxd4 Nc6 37. Rd1 h5 38. Rxd5 Rxd5 39. Qxc4 Qb6+ 40. Kh1 Qc5 41. Bd3 Ne5 42. Qxc5 Rxc5 43. Bxa6 Ra5 44. Be2 Kg7 45. Nf4 Kf6 46. Ra3 Nd7 47. Nd3 Re8 48. Bf1 Rb8 49. Kg1 g5 50. hxg5+ Kxg5 51. Be2 f4 52. Kf2 h4 53. Nb4 Rba8 54. Rxb3 Nc5 55. Ra3 Rxa4 56. Rxa4 Nxa4 57. Nd3 Rb8 58. Ke1 Nxb2 59. Nxb2 Rxb2 60. c4 Kf6 61. Kf1 Ke5 62. Bd3 Kd4 63. Be4 Kxc4 64. Kg1 Kd4 65. Kh2 Ke3 66. Kh3 Rd2 67. Bb7 Rd7 68. Be4 Rg7 69. Bf5 Rg3+ 70. Kh2 Kf2 71. Bh3 Kf1 72. Kh1 Rxh3+ 0-1